Alice in Chains - Dirt Songs - Statistics

General Stats
  • This quiz has been taken 68 times
  • The average score is 9 of 13
Answer Stats
Length Song % Correct
5:16 Dirt
87%
6:15 Rooster
87%
3:28 Would?
87%
2:30 Them Bones
85%
4:48 Angry Chair
76%
5:38 Down in a Hole
76%
5:09 Junkhead
72%
3:09 Dam That River
70%
3:56 God Smack
59%
6:01 Rain When I Die
57%
5:29 Sickman
56%
0:43 Iron Gland
52%
5:15 Hate to Feel
43%
No matching quizzes found
Score Distribution
Percent of People with Each Score
Percentile by Number Answered
Your Score History
You have not taken this quiz